000 00550cab a2200193 4500
001 WB2721-23
008 090401t1991 xxu||||| |||| 00| 0 eng d
035 _a(Sirsi) u59358
041 _aeng
245 _aCheck your indemnity
260 _c1991
350 _a0
490 _aChartered Surveyor Weekly
_v35(9) 30 May 1991, 60(1)
520 _aExamines a chartered surveyors professional indemnity insurance position after redundancy .
650 _aLATENT DAMAGES ACT 1986
690 _aInsurance
_96249
942 _n0
948 _c04/03/1997
999 _c36419
_d36419